Obras completas de San Anselmo
Saved in:
| Main Author: | |
|---|---|
| Format: | Book |
| Language: | Spanish |
| Published: |
Madrid
Biblioteca de Autores Cristianos
1903
|
| Series: | Biblioteca de Autores Cristianos
|
| Subjects: | |
| Tags: |
Add Tag
No Tags, Be the first to tag this record!
|
MARC
| LEADER | 00000nam a2200000 a 4500 | ||
|---|---|---|---|
| 001 | UCY7028 | ||
| 003 | CL-VaPUC | ||
| 008 | 950602e19030000SP |||||||||||||||||spa|d | ||
| 082 | 0 | 4 | |a 189.4 |b ANS |2 21 |
| 100 | 0 | |a San Anselmo |e author |9 337299 | |
| 245 | 1 | 0 | |a Obras completas de San Anselmo |
| 300 | |a v | ||
| 942 | |c BK | ||
| 945 | |d 19950602 00:00:00 |a oaravena | ||
| 260 | |a Madrid |b Biblioteca de Autores Cristianos |c 1903 | ||
| 600 | 0 | |a Dios |9 314467 | |
| 600 | 0 | |a Jesús |9 313614 | |
| 600 | 0 | 7 | |a ESPIRITU SANTO |2 CL-VaPUC |9 334587 |
| 650 | 0 | |a Filosofía |9 223554 | |
| 650 | 0 | |a Edad media |9 258041 | |
| 650 | 0 | |a Cristianismo |9 257361 | |
| 650 | 0 | |a Escolasticismo |9 264998 | |
| 650 | 0 | |a Filosofía del espíritu |9 320175 | |
| 650 | 0 | |a Teología |9 258766 | |
| 650 | 7 | |a DOCTRINA RELIGIOSA |2 CL-VaPUC |9 333854 | |
| 650 | 0 | |a Religión |9 255164 | |
| 583 | |a last modification |c 19950602 00:00:00 |k Rodrigo Vera | ||
| 490 | 0 | |a Biblioteca de Autores Cristianos | |
| 999 | |c 234503 |d 234501 | ||
| 952 | |0 0 |1 0 |4 0 |6 189_400000000000000_ANS_1903 |7 0 |8 P |9 240939 |a BIBEDU |b BIBEDU |c BIBEDU_PB |d 2019-11-18 |h v.2 |i 1514598 |o 189.4 ANS 1903 |p 1514598 |r 2024-01-25 |w 2019-11-18 |y BK |k FIL | ||
| 952 | |0 0 |1 0 |4 0 |6 189_400000000000000_ANS_1903 |7 0 |8 P |9 240940 |a BIBEDU |b BIBEDU |c BIBEDU_PB |d 2019-11-18 |h v.2 |i 1514601 |o 189.4 ANS 1903 |p 1514601 |r 2024-01-25 |w 2019-11-18 |y BK |k FIL | ||